000 00918nam a22002417a 4500
999 _c7501
_d7501
003 AR-CdUCM
008 190320b ||||| |||| 00| 0 spa d
040 _aMUNICIPALIDAD PROVINCIAL DEL CUSCO
_cBIBLIOTECA MUNICIPAL DEL CUSCO
041 _heng
082 _a633.2 /
_bD89
100 _aDonahue, Roy L.
_921172
245 _aLa explotación racional de los pastos y praderas artificiales /
260 _aMéxico, D.F :
_bContinental,
_c1962.
300 _a450 páginas ;
_bIlustraciones,
_c23 cm.
500 _aTitulo original: The range and pasture book.
505 _aLos pastizales y su aprovechamiento -- Los pastizales producen ganancias -- Los pastos importantes -- Las leguminosas en la agricultura de los pastizales ...
650 _aPlantas forrajeras
_921173
650 _aPastos
_921174
700 _aEvans, Everett F.
_921175
700 _aJones, L. I.
_921176
942 _2ddc
_cLIBROS
945 _aacv